Регионална библиотека "Любен Каравелов" - Русе

Практическо ръководство по предварителното дирение (Запис номер 401757)

MARC детайли
000 -Лидер
Контролно поле с фиксирана дължина nam a22 a 4500
003 - Код на организацията, давaща контролен номер
Контролно поле BLK
005 - Дата и час на последна редакция
Контролно поле 20210323082622.0
008 - Елементи от данни с фиксирана дължина
fixed length control field 210323b bu |||||r|||| 00| | bu d
040 ## - Източник на каталожния запис
Идентификатор на билиотеката - собственик на записа BLK
041 ## - Код за език
Код за езика на текст/звукозапис или на отделно заглавие Български
Код за езика КДБФ Български
080 ## - УДК
Текстов определител УДК Съдопроизводство (Съдебна процедура). Съдоустройство (Организация на съдилищата и прокуратурата). Вж и 343. 1;344;348
УДК код - определител по УДК 347.9
УДК - код + определител 347.9
100 ## - Редна дума - Автор
R(LIN) 435166
Автор Цукев, Георги
Авторска отговорност първи автор
139 ## - Редно поле
Редна дума Цукев, Георги
245 ## - Сведения за заглавието
Заглавие Практическо ръководство по предварителното дирение
Подзаглавни данни Кн. 1 -
Редно поле (дума) Георги Цукев ; По А. Чебишева-Дмитриева, П. В. Макалинский
Том Кн. 1
250 ## - Област на изданието
Сведения за изданието 2. изд.
260 ## - Област на издателските данни
Място на издаване, разпространение и проч. София
Година на издаване 1888
Печатница София : Придворна печ. Б. Прошек
300 ## - Физическа характеристика
Размери/Мащаб 19,5 см
380 ## - Жанр
Жанр Обществени науки
490 ## - СЕРИИ (Колекции)
9 (RLIN) 435080
Име на серия Колекция Редки и ценни издания
650 #7 - Допълнително описание по предмет – тема
9 (RLIN) 172947
Основно описание – тема или топоним Съдопроизводство
700 ## - Други автори (авторска отговорност)
9 (RLIN) 829
Лично име Чебишев-Дмитриев, Александър Павлович
Автороска отговорност (Описва отношението между автора и произведението) по
700 ## - Други автори (авторска отговорност)
9 (RLIN) 829
Лично име Макалинский, Павел Василиевич
Автороска отговорност (Описва отношението между автора и произведението) по
760 ## - Описание на основната серия
Редна дума на основното описание Цукев, Георги
Страници - том 171 с.
Част - том Кн. 1
852 ## - Местоположение
Форматна сигнатура Рб 888
Фондова буква Редки и ценни
999 ## - СИСТЕМНИ КОНТРОЛНИ НОМЕРА
Koha biblionumber 401757
Koha biblioitemnumber 401757
942 ## - АРТИКУЛИ
Вид на библиотечния материал Книги
Скрит в OPAC Не
Периодичен библиозапис Да
944 ## - СЪЗДАВАНЕ И РЕДАКЦИЯ на ЗАПИСА
Създаване/Редакция Създаване
Дата на регистрацията/редакция 2021-03-23
Служител, извършил регистрацията/редакцията ВЙ
999 ## - СИСТЕМНИ КОНТРОЛНИ НОМЕРА
Koha biblioitemnumber 401757
Наличности
Код за отписване Код за изгубен артикул Източник на класификационната схема Код за повреда Коз за рестрикции Код за отдаване Артикулен № Име на библиотеката - собственик Име на библиотеката, в която се намира в момента Статус (Текущо местоположение) Дата на вписване в системата Местоположение - отдел Цена в лева Инвентарен номер Систематично азбучна сигнатура Баркод Цена в евро Служебен тип на артикула
  Не е изгубен Universal Decimal Classification Не е повреден само за читалня Специални фондове ( старопечатни, редки и ценни, фонд М. Арнаудов) 853243 Регионална библиотека "Любен Каравелов" Русе Регионална библиотека "Любен Каравелов" Русе Редки и ценни 2021-09-20 Редки и ценни 0.34 13147-I Рб 888 900000042341 0.17 Книги
Vip Innovations Ltd, Rousse, Bulgaria 2025